| 000 | 00538nam a2200169Ia 4500 | ||
|---|---|---|---|
| 999 |
_c29093 _d29093 |
||
| 003 | OSt | ||
| 005 | 20201216152550.0 | ||
| 008 | 190216s9999||||xx |||||||||||||| ||und|| | ||
| 040 | _coclc | ||
| 082 |
_a894.812 _bSAN/A |
||
| 100 |
_aSankaranunni, K _97285 |
||
| 245 | 0 |
_aAnthappayiyuteyum Mundasseriyuteyum Sahityapakshapathangal / _cK Sankaranunni |
|
| 260 |
_bVallathole Vidhyapedam, _aShukapuram: _c2006. |
||
| 300 | _a345p | ||
| 650 | _aSahithya Vimarshanam | ||
| 942 |
_cBK _2ddc _h894.812 _iSAN/A _k894.812 _mSAN/A |
||